00773nam a2200181 a 4500003000200000005001700002008004100019050003400060100002900094245013300123260009200256300004600348504004100394650003800435650002600473650005100499650004100550020250311105428.0130905s19uu xx 00 eng d aPGS LB 1049.5.A93b.N456 2008 aNery, Ricardo Gabriel C. aThe level of awareness of grade six students on the effect of homework to their academic performance /cRicardo Gabriel C. Nery. aLas Piñas City, Philippines : bSouthville International School and Colleges,c2008. a56 pages : billustrations ; c28 cm.  aIncludes bibliographical references. aHomeworkvPsychological aspects.  aHomeworkvEvaluation. aAcademic achievement vEffect of homework on.  aStudentsvAttitudes toward homework.